000 00696nam a2200217 a 4500
001 000047009
005 20201002053301.0
008 180411s2015 dr a 000 0 spa d
020 _z9789945495712
082 _axxx
_bP343e, 2do.
100 1 _aPayán Velez, Carolina
_bV436e
_974865
245 1 0 _aEducación artística 2 :
_bsegundo grado, primer ciclo; educación primaria /
_cCarolina Payán Velez, Verónica Veloz.
260 _aSanto Domingo :
_bActualidad,
_c2015.
300 _a168 p. :
_bil. ;
_c28 cm.
490 1 _aVeraz
504 _aBibliografía: p. 128
590 _aInventariado, 2019/MFF
700 1 _aVeloz , Verónica
_974866
830 0 _aVeraz
_974848
999 _c46497
_d46497
040 _aDO-SdBNP